000 00513cam a2200169 4500
001 D10470
008 090401t1980 xxu||||| |||| 00| 0 eng d
035 _a(Sirsi) u95074
041 _aeng
100 _aCubitt, H.G.
245 4 _aThe role of the housing corporation in the 1980s
260 _c1980
350 _a0
520 _aIn RICS General practice division. Chartered surveyors in the voluntary housing movement: One-day conference, 30 September 1980. 1980/41 AB.
942 _n0
948 _c04/03/1997
999 _c98281
_d98281